000 00469nam a2200181Ia 4500
005 20250508153624.0
008 008 250505s9999 xx 000 0 eng d
037 _aTextual
040 _aFEDL
_beng
_cFEDL
041 _aeng
_2eng
084 _a370.15, STE
_qFEDL
100 _aStephens
245 0 _aEducational psychology
300 _a717p.
650 _aEdcuation-Psychology
_9756182
942 _cTEXL
_h370.15, STE
999 _c1344484
_d1344484